Sanna Kathegalu samputa-05 (Record no. 175161)

000 -LEADER
fixed length control field 00313nam a2200109Ia 4500
008 - FIXED-LENGTH DATA ELEMENTS--GENERAL INFORMATION
fixed length control field 220217s9999||||xx |||||||||||||| ||und||
100 ## - MAIN ENTRY--PERSONAL NAME
Personal name Srinivasa (Masthi venkatesha iyangar)
245 #0 - TITLE STATEMENT
Title Sanna Kathegalu samputa-05
260 ## - PUBLICATION, DISTRIBUTION, ETC.
Place of publication, distribution, etc. Jeevana Karyalaya
Name of publisher, distributor, etc. Bangalore
Date of publication, distribution, etc. 2007
300 ## - PHYSICAL DESCRIPTION
Other physical details 150
650 ## - SUBJECT ADDED ENTRY--TOPICAL TERM
Topical term or geographic name entry element GENERAL BOOKS
Holdings
Withdrawn status Lost status Damaged status Not for loan Collection code Home library Current library Shelving location Date acquired Barcode Date last seen Price effective from Koha item type
        Humanity Science Central Library Central Library Book Cart 02/18/2022 10350 10/15/2022 02/18/2022 Books

Powered by Koha